000 00437nam a22001577a 4500
005 20251108164309.0
008 250721s1994 xx 000 0 ara d
082 1 4 _a796.33209/منس
100 1 _aالمنسي، سالم علي
245 1 0 _aتاريخ و بطولات كرة القدم /
264 1 _aإربد :
_bدار الأمل،
_c1994.
300 _a329ص.
650 1 7 _aكرة القدم
942 _2ddc
_cBK
999 _c8652
_d8652